| 000 | 00559nam a2200229Ia 4500 | ||
|---|---|---|---|
| 003 | OSt | ||
| 005 | 20221005115011.0 | ||
| 006 | a|||||r|||| 00| 0 | ||
| 007 | ta | ||
| 008 | 221004b |||||||| |||| 00| 0 kan d | ||
| 024 | _a59262 | ||
| 037 | _cTextual | ||
| 040 |
_aCRL _cCRL _bkan |
||
| 041 |
_2kan _akan |
||
| 082 | _aH, 33J8 | ||
| 100 |
_aVaradarajan and rangqayya _9626954 |
||
| 245 | 0 | _aBhoovijnana | |
| 260 | _c1958 | ||
| 650 | _aGEOLOGY | ||
| 942 |
_hH, 33J8 _cTEXL _2cc |
||
| 999 |
_c1033109 _d1033109 |
||